000
00213nam a22000857a 4500
001
1235172
005
20250930105931.0
245
_a
ÖZÜR OLAN VE OLMAYAN
_c
BRIGITTE LABBE
260
_b
GÜNIŞIĞI KİTAPLIĞI YAYINLARI
999
_c
1235172
_d
1235172